000 00940nam a2200277 i 4500
003 DO-SdBNP
005 20240708152531.0
007 ta
008 240708b2010 pr 00| 0 spa d
020 _a9780847704286
040 _aDO-SdBNP
_bspa
_cBNPHU
_erda
082 4 _222
_bZ55
100 _aZeno Gandia, Manuel,
_d1855-1930
_917818
_eautor
245 1 0 _aGarduña /
_cManuel Zeno Gandía ; edición de Liliana Ramos Collado
264 _aSan Juan, Puerto Rico :
_bLa Editorial, Universidad de Puerto Rico,
_c2010.
300 _a260 páginas :
_c21 cm.
336 _2rdacontent
_atexto
_btxt
337 _2rdamedia
_asin mediación
_bnc
338 _2rdacarrier
_avolumen
_bnc
490 1 _aClásicos no tan clásicos
500 _aIncluye datos biografícos del autor en la solapa de la portada.
590 _aInventariado, 2024/ YL
700 1 _aRamos Collado, Liliana,
_eeditor
_985987
910 _aYlockward
942 _2ddc
_cLBS1
999 _c57216
_d57216